Statistics for Superbowl Winners

Click here to take the quiz!

General Stats

  • This quiz has been taken 9,319 times
    (398 since last reset)
  • The average score is 55 of 58

Answer Stats

SuperbowlTeams% Correct
LVIIIKansas City Chiefs
100%
LVIIKansas City Chiefs
100%
IVKansas City Chiefs
100%
LIVKansas City Chiefs
100%
IIGreen Bay Packers
98%
XLVGreen Bay Packers
98%
XXXIGreen Bay Packers
98%
IGreen Bay Packers
98%
LINew England Patriots
98%
LIIINew England Patriots
98%
XXXVINew England Patriots
98%
XLIXNew England Patriots
98%
XXXVIIINew England Patriots
98%
XXXIXNew England Patriots
98%
LVILos Angeles Rams
97%
XXIVSan Francisco 49ers
97%
XXIXSan Francisco 49ers
97%
XVISan Francisco 49ers
97%
XIXSan Francisco 49ers
97%
XXIIISan Francisco 49ers
97%
XXXIVSt. Louis Rams
96%
LVTampa Bay Buccaneers
96%
XXXVIITampa Bay Buccaneers
96%
XXXIIDenver Broncos
95%
XXXIIIDenver Broncos
95%
LDenver Broncos
95%
VIIIMiami Dolphins
94%
VIIMiami Dolphins
94%
LIIPhiladelphia Eagles
94%
XLIIIPittsburgh Steelers
94%
XPittsburgh Steelers
94%
XLPittsburgh Steelers
94%
IXPittsburgh Steelers
94%
XIIIPittsburgh Steelers
94%
XIVPittsburgh Steelers
94%
XXVIIIDallas Cowboys
93%
VIDallas Cowboys
93%
XIIDallas Cowboys
93%
XXXDallas Cowboys
93%
XXVIIDallas Cowboys
93%
XXINew York Giants
93%
XXVNew York Giants
93%
XLVINew York Giants
93%
XLIINew York Giants
93%
XLVIIISeattle Seahawks
92%
XXXVBaltimore Ravens
91%
XLVIIBaltimore Ravens
91%
XVIIILos Angeles Raiders
91%
XVOakland Raiders
91%
XIOakland Raiders
91%
XLIVNew Orleans Saints
90%
IIINew York Jets
90%
XXIIWashington Redskins
89%
XVIIWashington Redskins
89%
XXVIWashington Redskins
89%
XLIIndianapolis Colts
85%
VIndianapolis Colts
85%
XXChicago Bears
82%

Score Distribution

Percentile by Number Answered

Percent of People with Each Score

Your Score History

You have not taken this quiz since the last reset